Villes espagnoles - Mort subite - Statistiques

Statistiques générales
  • Ce quiz a été pris 363 fois
  • Le résultat moyen est 13 sur 21
Answers on the Grid
Answers color-coded by a green-red scale on the quiz's grid according to % correct below.
Alicante
Arequipa
Bilbao
Buenos Aires
Burgos
Cadix
Caracas
Colón
Cordoue
Curitiba
Dunkerque
Estelí
Gérone
Gibraltar
Huehuetenango
Jacó
Jaén
León
Lérida
Lugo
Madrid
Málaga
Marbella
Montería
Montevideo
Palma
Poitiers
Puerto Lempira
Saint-Sébastien
Saragosse
Séville
Sucre
Terrassa
Valence
Valladolid
Vigo
 
Statistiques - réponses
Réponse % Correct
Alicante
89%
Bilbao
83%
Madrid
82%
Valence
79%
Séville
78%
Cadix
75%
Málaga
75%
Cordoue
68%
Gérone
66%
Marbella
65%
Saragosse
65%
Palma
64%
Saint-Sébastien
63%
Valladolid
63%
Vigo
53%
Burgos
46%
León
39%
Lérida
31%
Lugo
27%
Jaén
26%
Terrassa
22%
Aucun quiz correspondant
Distribution des résultats
% des personnes avec chaque résultat
Percentile par nombre de réponses
Votre historique - résultats
Vous n’avez pas pris ce quiz